000 00336nam a2200133Ia 4500
008 151001s9999||||xx |||||||||||||| ||und||
100 _aहरी नारायण आपटे
245 _aमध्यान्ह
250 _a1
260 _bपटवर्धन वि अ
260 _c1970
300 _a123
365 _b17
999 _c958968
_d958965